| 000 | 00571nam a22001577a 4500 | ||
|---|---|---|---|
| 008 | 131203b xxu||||| |||| 00| 0 eng d | ||
| 020 | _a0195644220 | ||
| 050 | _aDS485.B12M6 1998 | ||
| 100 |
_aMoon, Penderel _94838 |
||
| 245 |
_aDivide and quit _bAn eyewitness account of the partition of India |
||
| 260 |
_aDelhi _bOxford University Press _c1998 |
||
| 300 |
_axxiii; 324p. _c22cm |
||
| 440 |
_aOxford India paperbacks _94839 |
||
| 650 |
_aRefugees - India; India - Politics - 1919-1947; Bahawalpur (Princely state) - Social conditions _94840 |
||
| 942 |
_2lcc _cMONOGRAPH |
||
| 999 |
_c118990 _d118990 |
||